00689nam a22002177a 450000500170000001000130001702000260003003500130005603700160006904000120008508200110009710000280010824500350013626000440017130000230021565000350023865000310027394200200030499900190032495201280034320170124110216.0 aB-422594 c350.00a9781904233657 aB-422594 bCen Lib/Ret aDPLbEN aNbMEY aMeyer, Stephenie928004 aTwilight /cby Stephenie Meyer aLondonbLittle, Brown and Companyc2005 a434p. :c21cm(pbk) aHigh schools -- Fiction939071 aVampires -- Fiction939072 2ddccENhNmMEY c133844d133844 001040718REFaLbLd2015-07-28eCen Lib/Ret g350.00l0oN MEYpB-422594r2015-07-28 00:00:00t1v350.00w2016-09-15yEN